| 000 | 00361nam a2200145 a 4500 | ||
|---|---|---|---|
| 001 | 4253 | ||
| 003 | CDMR | ||
| 005 | 20151016140002.0 | ||
| 008 | 130130s2001||||||||||||||||||||||||||||d | ||
| 040 |
_aCDMR _bcat _cCPC LLEIDA |
||
| 110 | 1 |
_93827 _aEspanya |
|
| 245 | 0 | _aConstitución española | |
| 260 |
_aMadrid _c2001 _bMinisterio de la Presidencia |
||
| 942 |
_cMON _2ddc |
||
| 999 |
_c4253 _d4253 |
||